000 01530cad a22002295a 4500
001 L144833
008 080812e20080811xxkd f s 000 0 eng d
035 _a(Sirsi) u144833
041 0 _aeng
050 0 4 _a333.33 $2 18
110 2 _aRoyal Institution of Chartered Surveyors
_94900
245 0 0 _aRICS housing market survey United Kingdom
_bJuly 2008
_h[electronic resource]
260 _aLondon
_bRICS
_c2008
490 _aRICS Housing Market Survey United Kingdom
_vJuly 2008
520 _aSurvey reports a rise in the RICS house price balance for the third consecutive month (although the balance remains strongly negative). 83.9% more Chartered Surveyors reported a fall than a rise in house prices, a decrease from 86.9% in June. The trend of increased difficulty in obtaining firm credit is demonstrated by the continuing collapse in transactions. The average number of transactions per surveyor (over the last three months) fell to 14.4 from last month's figure of 15.3, setting a new low for activity since this survey began. Sales expectations, however, are improving slightly, as serious home buyers are returning the market and some sellers are selling their properties at pragmatic values.
590 _aKA
650 2 4 _aRICS HOUSING MARKET SURVEY UNITED KINGDOM
651 4 _aUnited Kingdom
_y
690 _aPROPERTY-RESIDENTIAL PROPERTY-RESIDENTIAL PROPERTY MARKET
856 4 0 _uhttps://www.rics.org/site/scripts/download_info.aspx?downloadID=34
_zView the item free of charge at www.rics.org...
942 _n0
999 _c108624
_d108624